[Event "Konnerud Tempo høstturnering 2023"]
[Site "Malmveien 15"]
[Date "2023.08.16"]
[Round "11"]
[White "Taksrud, Vidar"]
[Black "Selmer, Thorgrim Juhani"]
[Result "1-0"]
[WhiteElo "1888"]
[BlackElo "1565"]
[Annotator "haav-"]
[PlyCount "163"]
[EventDate "2023.??.??"]

1. d4 c6 2. Nf3 d5 3. g3 Nf6 4. Bg2 g6 5. O-O Bg7 6. c4 O-O 7. Nc3 Bg4 8. Ne5 Bf5 9. cxd5 cxd5 10. Qb3 Nc6 11. Qxb7 Nxd4 12. Rd1 Nc2 13. Nc6 Qb6 14. Nxe7+ Kh8 15. Qxb6 axb6 16. Rb1 Be6 17. Nexd5 Nxd5 18. Bxd5 Bxd5 19. Rxd5 Bxc3 20. bxc3 Rfe8 21. Kf1 Rxa2 22. Rb2 Rea8 23. Rxa2 Rxa2 24. Bh6 Ra8 25. Rd2 Na3 26. Ra2 Ra5 27. e4 Nc4 28. Rc2 Rh5 29. Bf8 Rxh2 30. Kg1 Rh5 31. Ra2 Na5 32. Rd2 h6 33. Rd8 Kh7 34. Rd7 Kg8 35. Be7 Rb5 36. Bf6 g5 37. g4 Nc6 38. Rc7 Ne5 39. Bxe5 Rxe5 40. f3 Kg7 41. Kf2 Re6 42. Ke3 Kg6 43. Kd4 Rf6 44. Ke3 Re6 45. Rd7 Rc6 46. Kd2 Kf6 47. Rd5 Ke6 48. Kd3 f6 49. Kd4 Rc8 50. c4 Rh8 51. Rb5 Rd8+ 52. Ke3 Rd6 53. f4 Rc6 54. f5+ Ke7 55. Kd4 Rd6+ 56. Rd5 Rc6 57. Kc3 Rc5 58. Kd4 Rc6 59. e5 fxe5+ 60. Rxe5+ Kf7 61. Rd5 Ke7 62. Rb5 Rd6+ 63. Kc3 Kf6 64. Kb4 Rc6 65. Rd5 Ke7 66. Kb5 Rf6 67. Ka6 h5 68. gxh5 g4 69. Rd4 b5+ 70. Kxb5 Rxf5+ 71. c5 Rxh5 72. Rxg4 Rh1 73. Kb6 Rb1+ 74. Kc7 Rb2 75. Re4+ Kf6 76. c6 Kf5 77. Re7 Kf6 78. Rd7 Ke6 79. Kc8 Rc2 80. c7 Rh2 81. Rd4 Ke7 82. Rb4
1-0